FNAF Characters - Statistics

General Stats
  • This quiz has been taken 218 times
    125 since last reset
  • The average score is 99 of 454
Answer Stats
Characters % Correct
Freddy
89%
Bonnie
82%
Chica
82%
Foxy
79%
Golden Freddy
68%
Nightmare
68%
Springtrap
68%
Ballora
64%
Ennard
64%
Mangle
64%
Toy Freddy
64%
Funtime Foxy
61%
Funtime Freddy
61%
Puppet
61%
Scraptrap
61%
Balloon Boy
57%
Bon-Bon
57%
Funtime Chica
57%
Glamrock Chica
57%
Glamrock Freddy
57%
Toy Bonnie
57%
Circus Baby
54%
Endo-01
54%
Lefty
54%
Molten Freddy
54%
Nightmare Bonnie
54%
Nightmare Freddy
54%
Phantom Chica
54%
Phantom Foxy
54%
Phantom Freddy
54%
Rockstar Bonnie
54%
Scrap Baby
54%
Toy Chica
54%
Withered Bonnie
54%
Withered Freddy
54%
Bonnet
50%
Fredbear
50%
Glamrock Bonnie
50%
Nightmare Chica
50%
Rockstar Chica
50%
Rockstar Freddy
50%
RWQFSFASXC
50%
Shadow Freddy
50%
Spring Bonnie
50%
Withered Chica
50%
Yenndo
50%
Bucket Bob
46%
Burntrap
46%
Endo-02
46%
Glitchtrap
46%
Helpy
46%
Jack-O-Chica
46%
Minireena
46%
Mr. Hippo
46%
Nightmare Balloon Boy
46%
Nightmare Foxy
46%
Plushtrap
46%
Rockstar Foxy
46%
Roxanne Wolf
46%
The Mimic
46%
Withered Foxy
46%
Withered Golden Freddy
46%
Bidybab
43%
Jack-O-Bonnie
43%
Lolbit
43%
Music Man
43%
Nightmare Fredbear
43%
Nightmarionne
43%
Pan Stan
43%
Phantom Puppet
43%
Adventure Freddy
39%
Crying Child
39%
Cupcake
39%
Electrobab
39%
Lemonade Clown
39%
Moon
39%
Mr. Hugs
39%
Nightmare Cupcake
39%
No.1 Crate
39%
Orville Elephant
39%
Phantom Balloon Boy
39%
Phantom Mangle
39%
Phone Guy
39%
Pigpatch
39%
Sun
39%
William Afton
39%
Adventure Bonnie
36%
Adventure Chica
36%
Adventure Foxy
36%
Adventure Golden Freddy
36%
Adventure Mangle
36%
Adventure Nightmare
36%
Adventure Nightmare Balloon Boy
36%
Adventure Nightmare Fredbear
36%
Adventure Phantom Freddy
36%
Adventure Phantom Mangle
36%
Adventure Springtrap
36%
Dee Dee
36%
DJ Music Man
36%
El Chip
36%
Elizabeth
36%
Freddles
36%
Fruit Punch Clown
36%
Gregory
36%
Happy Frog
36%
Mr. Can-Do
36%
Nedd Bear
36%
Nightmare Mangle
36%
Toy Cupcake
36%
Adventure Balloon Boy
32%
Adventure Crying Child
32%
Adventure Endo-01
32%
Adventure Endo-02
32%
Adventure Fredbear
32%
Adventure Jack-O-Chica
32%
Adventure JJ
32%
Adventure Nightmare Chica
32%
Adventure Nightmare Foxy
32%
Adventure Nightmare Freddy
32%
Adventure Nightmarionne
32%
Adventure Phantom Balloon Boy
32%
Adventure Phantom Chica
32%
Adventure Phantom Foxy
32%
Adventure Phantom Puppet
32%
Adventure Puppet
32%
Adventure Purple Guy
32%
Adventure Spring Bonnie
32%
Adventure Toy Bonnie
32%
Adventure Toy Freddy
32%
Adventure Withered Bonnie
32%
Adventure Withered Chica
32%
Adventure Withered Foxy
32%
Candy Cadet
32%
Dreadbear
32%
Grimm Foxy
32%
JJ
32%
Map Bot
32%
Mike Schmidt
32%
Security Puppet
32%
XOR
32%
Adventure Chipper
29%
Adventure Endoplush
29%
Adventure Funtime Foxy
29%
Adventure Jack-O-Bonnie
29%
Adventure Nightmare Bonnie
29%
Adventure Plushtrap
29%
Adventure RWQFSFASXC
29%
Adventure Shadow Freddy
29%
Adventure Toy Chica
29%
Adventure Withered Freddy
29%
Baby
29%
Cassie
29%
Eclipse
29%
Funtime Cupcake
29%
Glamrock Endo
29%
Jeremy Fitzgerald
29%
Mini Music Man
29%
Nightmare Endo
29%
Phantom Cupcake
29%
Shadow Cupcake
29%
Adventure Paperpals
25%
Bouncepot
25%
Carnie
25%
Chipper
25%
Coffee
25%
Golden Cupcake
25%
Hand Unit
25%
Jackie
25%
Mystic Hippo
25%
Neon
25%
Paperpals
25%
Phone Dude
25%
Purple Guy
25%
Scott Cawthon
25%
Adventure Animdude
21%
Adventure Coffee
21%
Chica's Magic Rainbow
21%
Freddy Frostbear
21%
Helpi
21%
Plushbaby
21%
Ruined Glamrock Chica
21%
Tangle
21%
The Entity
21%
White Rabbit
21%
8-Bit Baby
18%
Animdude
18%
Browboy
18%
Bub
18%
Burnt Foxy
18%
Chocolate Bonnie
18%
Easter Bonnie
18%
Egg Baby
18%
Ella
18%
Firework Freddy
18%
Glamrock Mr. Hippo
18%
Gumball Swivelhands
18%
Highscore Toy Chica
18%
Jack-O-Moon
18%
Liberty Chica
18%
Little Joe
18%
Magician
18%
Mask Bot
18%
Neon Bonnie
18%
Neon Chica
18%
Neon Jukebox
18%
Party Freddy
18%
Prize King
18%
Prototype
18%
Pumpkin
18%
Ruined Monty
18%
Ruined Roxanne Wolf
18%
Security Bot
18%
Shadow Mangle
18%
System Error Toy Bonnie
18%
Twisted Bonnie
18%
Twisted Chica
18%
Twisted Foxy
18%
Twisted Freddy
18%
Twisted Wolf
18%
VR Toy Freddy
18%
Aeronaut Toy Freddy
14%
Alien Bot
14%
Ball Boy
14%
Bear Trap
14%
Big Bad Foxy
14%
Big Top
14%
Black Ice Frostbear
14%
Bubba
14%
Captain Foxy
14%
Chipper's Revenge
14%
Clockwork Ballora
14%
Clockwork Minireena
14%
Dark Freddy
14%
Dollie
14%
Endoplush
14%
Fetch
14%
Gearrat
14%
Heartsick Baby
14%
Magician Bot
14%
Mendo
14%
Mop Bot
14%
Nightmarionne Bot
14%
Piranha Plushtrap
14%
Plushtrap Chaser
14%
Redbear
14%
Ringmaster Foxy
14%
Rot
14%
Seagoon
14%
Security Owl
14%
Shamrock Freddy
14%
Sly
14%
Supergoon
14%
The Curse
14%
The Stitchwraith
14%
Toxic Springtrap
14%
Yellow Rabbit
14%
8-Bit Cupcake
11%
8-Bit Fredbear
11%
Arctic Ballora
11%
Auto-Chipper
11%
Black Heart Bonnie
11%
Blacktrap
11%
Boulder Toy Bonnie
11%
Bouncer
11%
Broiler Baby
11%
Catrina Toy Chica
11%
Clown Springtrap
11%
Comedy Bot
11%
Dark Foxy
11%
Dark Water Endo
11%
Flamethrower Endo
11%
Flaming Springtrap
11%
Flan
11%
Frostbite Balloon Boy
11%
Frost Plushtrap
11%
Glamrock Cupcake
11%
Gold Endo
11%
Goldmine
11%
Graveweed
11%
Great Escape Golden Freddy
11%
Human Heads
11%
Ignited Bonnie
11%
Ignited Chica
11%
Ignited Foxy
11%
Ignited Freddy
11%
Jangle
11%
Little Red Chica
11%
Lonely Freddy
11%
Mad Endo
11%
Magician Mangle
11%
Melted Chocolate Bonnie
11%
Party Bot
11%
Porkpatch
11%
Purplegeist
11%
Radioactive Foxy
11%
Renard
11%
Rockstar Foxy's Parrot
11%
Ruined Glamrock Freddy
11%
Scorching Chica
11%
Scorching Cupcake
11%
Serpent Mangle
11%
Shadow Balloon Boy
11%
Shadow Puppet
11%
Snowcone
11%
The Scooper
11%
Woodland Toy Freddy
11%
Xangle
11%
Amalgamation
7%
Attendant Bot
7%
Birthday Cake
7%
Blackbird
7%
Box Byte
7%
Calavera Cupcake
7%
Chillax
7%
Chop 'N Roll
7%
Coils
7%
Colossal
7%
Digi-Typer
7%
Dogfight
7%
Elanor
7%
Elizabeth Afton
7%
Eyesore
7%
Fortune Teller
7%
Head Chef Bot
7%
H.E.L.P.E.R
7%
Jetpack Balloon Boy
7%
Jugband Monty
7%
Kit
7%
Lally
7%
Mac
7%
Mechrab
7%
Meringue
7%
Metalman
7%
Moldy Cupcake
7%
Mr. Helpful
7%
Mrs. Helpful
7%
Nanny Bot
7%
Nurse Dollie
7%
Olive
7%
P. Goon
7%
Pirate Captain
7%
Pizza Bot
7%
Protomimics
7%
Prototype Glamrock Freddy
7%
Puppet Foxy
7%
Quarry
7%
Ralpho
7%
Seaweed
7%
Server Bot
7%
Sparky
7%
Stanley
7%
Sunken Toy Bonnie
7%
Swamp Balloon Boy
7%
The Agony
7%
Theodore
7%
Tombstack
7%
Torch Cupcake
7%
Totemole
7%
Trap
7%
Yarg Foxy
7%
Adventure Freddy Ghost
4%
Adventure Space Freddy
4%
Anchovy
4%
Auto-Mimic
4%
B-7
4%
Baby Crawler
4%
Bawson
4%
Big Jack
4%
Birthday Puppy
4%
Bonnie Bowl Head
4%
Bonnie Plus
4%
Caution Bot
4%
Cheesehead
4%
Chica Plus
4%
Clean-O-Vac
4%
Crabapple
4%
Delilah
4%
Diving Seal
4%
Driver Assist Bot
4%
Electric Toy Frog
4%
Evil Endo
4%
False Balloon Boy
4%
False Bonnie
4%
False Chica
4%
False Freddy
4%
False Mangle
4%
Fire Girl
4%
Fizz Bot
4%
Foxy Plus
4%
Frank
4%
Freddy Plus
4%
Freddy's Son
4%
Friendly Face
4%
Gemini
4%
Giant Cupcake
4%
Half-Bake
4%
Hank
4%
HAPPS
4%
Ignited Cupcake
4%
Instructor Bot
4%
Jugband Frogs
4%
Jugband Hippo
4%
Juggling Duck
4%
Julius' Exoskeleton
4%
Lasso Pig
4%
Lucky Boy
4%
Madjack
4%
Maestro Music Man
4%
Mail Bot
4%
Mannequins
4%
Marco
4%
Maskie
4%
Mega Brow
4%
Michel Afton
4%
Mini Bot 5000
4%
Mini P
4%
Moondrop Hologram
4%
Mudpie
4%
Nexie
4%
Overclock
4%
Party Hat A
4%
Pickle's Robot
4%
Pizzaplex Ballora
4%
Polo
4%
Punk Mangle
4%
Puppet Roxy
4%
Quad Endo
4%
R.A.S.C
4%
Reagent
4%
Reed's Exoskeleton
4%
Ringmaster Rat
4%
Rocktapus
4%
Rose
4%
Rosie Porkchop
4%
Shelly's Exoskeleton
4%
Snodgrass Family
4%
Souldoser
4%
Space Freddy
4%
Star Orphans
4%
Swing Bee
4%
Tag Along Freddy
4%
Terminator Chica
4%
Torture Freddy
4%
Unicorn
4%
Very Informative Pig
4%
Virtual Informative Pig
4%
VR Springtrap
4%
Welcome Show Camera
4%
Wooden Puppets
4%
Zues
4%
No matching quizzes found
Score Distribution
Percent of People with Each Score
Percentile by Number Answered
Your Score History
You have not taken this quiz since the last reset